000
00335 a2200157 4500
001
167007
020
_a
040
_c
Magnum
100
_a
Derrida, Jacques
240
1
0
_a
O olho da universidade
_l
por
245
1
0
_a
O olho da universidade
362
0
_a
1899
440
1
_a
Estação Liberdade
697
_a
FILOSOFIA
942
_c
BK
999
_c
167007
_d
167007